Desarrollo de una metodologia para el diseno de sitio de obra
Guardado en:
| 主要作者: | |
|---|---|
| 格式: | 图书 |
| 出版: |
[San José], Costa Rica
2010
|
| 主题: | |
| 标签: |
添加标签
没有标签, 成为第一个标记此记录!
|
MARC
| LEADER | 00000nam a2200000Ia 4500 | ||
|---|---|---|---|
| 003 | 001630 | ||
| 005 | 20221231144038.0 | ||
| 008 | 140114s2010 cr a 000 ||s d | ||
| 040 | |c cru CEDI | ||
| 090 | |a TFG 6141 | ||
| 100 | |a Morales Flores, Daniel |9 3125 | ||
| 245 | |a Desarrollo de una metodologia para el diseno de sitio de obra | ||
| 260 | |c 2010 |b [San José], Costa Rica | ||
| 500 | |a Proyecto de graduación (licenciatura en ingeniería civil)--Universidad de Costa Rica. Facultad de Ingeniería. Escuela de Ingeniería Civil | ||
| 650 | |x INDUSTRIA DE LA CONSTRUCCION |x METODOLOGIA |x ADMINISTRACION DE PROYECTOS |x PROGRAMAS PARA COMPUTADORA |x CONSTRUCCION DE VIVIENDAS |x SIMULACION POR COMPUTADORA |9 3126 | ||
| 942 | |c TFG | ||
| 999 | |c 16074 |d 16074 | ||
